00496nam a2200193 a 4500001001300000003000900013005001700022008004100039020000800080082001700088100002900105245001800134260003500152300000900187500003500196505001000231650003200241700002900273nice12345678IN_TiNIC20260116011642.0050524s1977 alla grp 000 0 urd  ac300a297.63bSHA4 aShariq, Basheer Mohammad aSeerat-E-Paak aAllahbadbAiwaan Companyc1977 a160p aincludes index and biblioraphy2 aIndex aMuhammad, Prophet-Biography1 aShariq, Basheer Mohammad